| 000 | 01125nam a22001937a 4500 | ||
|---|---|---|---|
| 003 | JO-AjAnu | ||
| 005 | 20260418110528.0 | ||
| 008 | 260418b jo ||||| |||| 00| 0 ara d | ||
| 040 |
_aANU _cJO-AjAnu |
||
| 041 | _hARA | ||
| 100 |
_aبني ياسين، ايمان مجدي صالح _eمعد _966940 |
||
| 245 |
_aالألعاب الإلكترونية وعلاقتها بالمشكلات الاجتماعية لدى طلبة صعوبات التعلم = Electronic Games and their Relationship to Social Problems among Students learning Disabilities _c / ايمان مجدي صالح بني ياسين؛ اشراف خالد احمد عبيدات |
||
| 260 |
_aعجلون: _bجامعة عجلون الوطنية، _c2026 |
||
| 300 | _a94 ورقة | ||
| 500 | _aرسالة جامعية ( رسالة ماجستير في التربية الخاصة-كلية العلوم التربوية ) جامعة عجلون الوطنية ؛ 2026 | ||
| 650 | _vالالعاب الالكترونية-معالجة بيانات-صعوبات التعلم | ||
| 700 |
_aعبيدات، خالد احمد _965487 _eمشرف |
||
| 942 |
_2lcc _cTHS _n0 |
||
| 999 |
_c34171 _d34171 |
||